Normal view
MARC view
- PHELIS,NEIL SIMMONS H.COLIN
Entry Personal Name
001 - CONTROL NUMBER
- control field: 90384
003 - CONTROL NUMBER IDENTIFIER
- control field: NUST
005 - DATE AND TIME OF LATEST TRANSACTION
- control field: 20220307104336.0
008 - FIXED-LENGTH DATA ELEMENTS
- fixed length control field: 220307|| aca||aabn | a|a d
040 ## - CATALOGING SOURCE
- Original cataloging agency: NUST
- Transcribing agency: NUST
100 ## - HEADING--PERSONAL NAME
- Personal name: PHELIS,NEIL SIMMONS H.COLIN
670 ## - SOURCE DATA FOUND
- Source citation: Work cat.: (NUST): PHELIS,NEIL SIMMONS H.COLIN., MANUAL FOR ENGINEERING DRAWING /, 2012.
